| 000 | 00613cam a2200193 a 4500 | ||
|---|---|---|---|
| 020 | _a0520039238 : | ||
| 041 | _aENG | ||
| 082 | 0 | 0 |
_a294 _bDON |
| 100 | _aDoniger Wendy | ||
| 245 | 0 | 0 | _aKarma and rebirth in classical Indian traditions |
| 260 |
_aBerkeley : _bUniversity of California Press, _cc1980. |
||
| 300 | _axxv, 342 p. ; | ||
| 500 | _aPapers from two conferences, the first held near Seattle, Wash., Oct. 22-23, 1976, and the second in Pasadena, Calif., Jan. 26-29, 1978. | ||
| 500 | _aIncludes index. | ||
| 650 | 0 | _aKarma. | |
| 650 | 0 | _aReincarnation. | |
| 700 | 1 | _aDoniger, Wendy. | |
| 942 | _cBK | ||
| 999 |
_c22733 _d22733 |
||